Harry Potter general knowledge - Statistics

General Stats
  • This quiz has been taken 25 times
  • The average score is 18 of 32
Answer Stats
Hint Answer % Correct
What is the name of Ron's oldest sibling? Bill
92%
What does McGonagall teach? Transfiguration
83%
What school does Viktor Krum attend? Durmstrang
79%
Who killed Bellatrix Lestrange? Molly Weasley
79%
What is the name of the train that takes students to Hogwarts? The Hogwarts Express
75%
What is Snape’s Patronus? a doe
71%
Liquid luck is also known as? Felix Felicis
71%
What do you recite to close the Marauder’s Map? Mischief Managed
71%
Who is the head of the Hufflepuff house? Professor Sprout
71%
What was the name of the tree Harry and Ron crashed their car into? The Whomping Willow
71%
What is Harry's profession after defeating Voldemort? Auror
67%
What is the name of the phoenix? Fawkes
67%
Where was Harry Potter born? Godric’s Hollow
67%
What is the name of the group of James Potters friends? the Marauders
67%
Where do the Dursleys live? 4 privet drive
63%
What is the name of Albus Dumbledore’s brother? Aberforth
63%
Which magical item does Ron Weasley see himself as quidditch captain in? Mirror of Erised
63%
What is the name given to someone who can talk to snakes? Parseltongue
63%
Which magical device did Albus Dumbledore use to save and review his memories? Pensieve
63%
When is Harry Potter’s birthday? 31st July
58%
what is ron's middle name? Billius
58%
Who was the first goblin Harry ever met? Griphook
58%
Who was flying with Mad Eye Moody when he died? Mundungus Fletcher
54%
The students take OWL exams what does OWL stand for? Ordinary Wizarding Level
54%
What is the name of Draco Malfoy’s son? Scorpius
46%
What potion did Harry make in Slughorn’s class, where he received top marks for doing it correctly? Draught of Living Death
38%
Who is the only person that can control Peeves? The bloody baron
38%
What species of dragon was Norbert? Norwegian Ridgeback
29%
What is the name of the head snatcher? Scabior
25%
What is the password to get into Dumbledore's office in philosopher's stone? Sherbet Lemon
21%
What was the score in the Quidditch world cup final?(Ireland score-Bulgaria score) 170-160
17%
When was the triwizard tournament discontinued? 1792
4%
No matching quizzes found
Score Distribution
Percent of People with Each Score
Percentile by Number Answered
Your Score History
You have not taken this quiz